header

The language of everyday life (Record no. 109566)

MARC details
000 -LEADER
fixed length control field 01554nam a2200349 a 4500
082 04 - DEWEY DECIMAL CLASSIFICATION NUMBER
Classification number 401/.41
100 1# - MAIN ENTRY--AUTHOR NAME
Personal name Delin, Judy.
245 14 - TITLE STATEMENT
Title The language of everyday life
260 ## - PUBLICATION, DISTRIBUTION, ETC. (IMPRINT)
Place of publication London ;
-- Thousand Oaks, Calif. :
Name of publisher SAGE Publications,
Year of publication 2000.
300 ## - PHYSICAL DESCRIPTION
Number of Pages x, 208 p. :
Other physical details ill.
505 0# - FORMATTED CONTENTS NOTE
Formatted contents note Language of written news reporting -- The language of sports commentary -- The language of instructions -- The language of interviews -- The language of magazine features -- The language of advertising -- Researching the language of everyday life.
650 #0 - SUBJECT ADDED ENTRY--TOPICAL TERM
Topical Term English language
Topical Term Communicative competence.
856 40 - ELECTRONIC LOCATION AND ACCESS
Uniform Resource Identifier http://site.ebrary.com/lib/rucke/Doc?id=10369720

No items available.

© 2026 Rongo University
Contact us: librarian | system librarian | Rongo university